Bad Kitty for president / (Record no. 89707)
[ view plain ]
| 000 -LEADER | |
|---|---|
| fixed length control field | 01055nam a2200289 a 4500 |
| 001 - CONTROL NUMBER | |
| control field | BK0010830176 |
| 005 - DATE AND TIME OF LATEST TRANSACTION | |
| control field | 20241220133820.0 |
| 008 - FIXED-LENGTH DATA ELEMENTS--GENERAL INFORMATION | |
| fixed length control field | 120810r20122012nyua j 000 1 eng d |
| 010 ## - LIBRARY OF CONGRESS CONTROL NUMBER | |
| LC control number | bl2012028989 |
| 020 ## - INTERNATIONAL STANDARD BOOK NUMBER | |
| International Standard Book Number | 9781250010162 : PAP |
| Terms of availability | 6.99 |
| 020 ## - INTERNATIONAL STANDARD BOOK NUMBER | |
| International Standard Book Number | 1250010160 : PAP |
| Terms of availability | 6.99 |
| 037 ## - SOURCE OF ACQUISITION | |
| Source of stock number/acquisition | Feiwel & Friends, C/O Mps 16365 James Madison Hwy, Gordonsville, VA, USA, 22960, (646)3075339 |
| Note | SAN 631-5011 |
| 040 ## - CATALOGING SOURCE | |
| Original cataloging agency | NjBwBT |
| Transcribing agency | NjBwBT |
| 050 14 - LIBRARY OF CONGRESS CALL NUMBER | |
| Classification number | PZ7.B82832 |
| Item number | Baf 2012b |
| 082 04 - DEWEY DECIMAL CLASSIFICATION NUMBER | |
| Classification number | [E] |
| Edition number | 23 |
| 092 ## - LOCALLY ASSIGNED DEWEY CALL NUMBER (OCLC) | |
| Classification number | E |
| 100 1# - MAIN ENTRY--PERSONAL NAME | |
| Personal name | Bruel, Nick. |
| 9 (RLIN) | 5729365 |
| 245 10 - TITLE STATEMENT | |
| Title | Bad Kitty for president / |
| Statement of responsibility, etc | Nick Bruel. |
| 250 ## - EDITION STATEMENT | |
| Edition statement | 1st Square Fish ed. |
| 260 ## - PUBLICATION, DISTRIBUTION, ETC. (IMPRINT) | |
| Place of publication, distribution, etc | New York : |
| Name of publisher, distributor, etc | Square Fish, |
| Date of publication, distribution, etc | 2012. |
| 300 ## - PHYSICAL DESCRIPTION | |
| Extent | 142 p. : |
| Other physical details | ill. ; |
| Dimensions | 21 cm. |
| 500 ## - GENERAL NOTE | |
| General note | Originally published: New York : Roaring Brook Press, 2012. With additional material. |
| 520 ## - SUMMARY, ETC. | |
| Summary, etc | Kitty decides to run for President of the Neighborhood Cat Association. |
| 650 #1 - SUBJECT ADDED ENTRY--TOPICAL TERM | |
| Topical term or geographic name as entry element | Politics, Practical |
| Form subdivision | Fiction. |
| 9 (RLIN) | 5715193 |
| 650 #1 - SUBJECT ADDED ENTRY--TOPICAL TERM | |
| Topical term or geographic name as entry element | Elections |
| Form subdivision | Fiction. |
| 9 (RLIN) | 5686790 |
| 650 #1 - SUBJECT ADDED ENTRY--TOPICAL TERM | |
| Topical term or geographic name as entry element | Cats |
| Form subdivision | Fiction. |
| 9 (RLIN) | 5674208 |
| Withdrawn status | Lost status | Source of classification or shelving scheme | Damaged status | Not for loan | Collection code | Home library | Current library | Shelving location | Date acquired | Source of acquisition | Total Checkouts | Total Renewals | Full call number | Barcode | Date last seen | Date checked out | Cost, replacement price | Price effective from | Koha item type |
|---|---|---|---|---|---|---|---|---|---|---|---|---|---|---|---|---|---|---|---|
| Dewey Decimal Classification | Junior Fiction | Wasatch County Library | Wasatch County Library | Main Floor Junior Area | 11/19/2020 | Rainbow Books | 17 | 19 | J Bruel | 34301001663410 | 09/17/2025 | 07/28/2025 | 16.95 | 11/19/2020 | BOOK | ||||
| Dewey Decimal Classification | Junior Fiction | Wasatch County Library | Wasatch County Library | Main Floor Junior Area | 02/01/2022 | Micromarketing | 26 | 16 | J Bruel | 34301001835885 | 10/27/2025 | 07/23/2025 | 13.99 | 02/01/2022 | BOOK |
